| 000 | 00477nam a2200157 i 4500 | ||
|---|---|---|---|
| 001 | 64566 | ||
| 003 | ES-MaACL | ||
| 005 | 20230906165147.0 | ||
| 007 | t| | ||
| 008 | 031229s1935 uy ||||1| spa d | ||
| 100 | 1 |
_aFontana Company, Mario A. _951602 |
|
| 245 | 1 | 3 |
_aEl arqueólogo argentino arquitecto Hector Greslebin y su obra / _cMario A. Fontana Company. |
| 260 |
_aMontevideo : _bEl Siglo Ilustrado, _c1935. |
||
| 300 |
_a25 p. ; _c27 cm. |
||
| 852 |
_aES-MaACL _j1802-F-14 |
||
| 999 |
_c64566 _d64566 |
||